LDR 00820naa#a2200169#i#450# 001 RU\\bibl\123406 005 20260705235343.7 011 ## _a1994-4683 100 ## _a20230731b2023####ek#y0rusy0150####ca 102 ## _aRU 200 1# _aСОХРАНЕНИЕ ЗДОРОВЬЯ СТУДЕНТОВ В ВЫСШИХ УЧЕБНЫХ ЗАВЕДЕНИЯХ _eЖурнальная статья 210 1# _aМосква _cНациональный государственный Университет физической культуры, спорта и здоровья им. П.Ф. Лесгафта _d2023 215 ## _a3 с. 608 ## _aЖурнальная статья _2local 675 ## _aЗабота о здоровье в вузах. 378.17 _z 700 #1 _aПахомов _gАндрей Вячеславович 856 4# _auchzapiski.lesgaft.spb.ru _u